00423nam a22001217a 4500008004100000040005500041080002300096245009100119260005200210300001000262650001500272653001400287230322b |||||||| |||| 00| 0 eng d aNational Science LibrarycNational Science Library a658.17:5.001.5bJ2 aTenth report from the select committee on estimatesc/ Her Majesty's Stationery Office aLondon: bHer Majesty's Stationery Officec1951 a148p. aManagement aCommittee